Princípy euroústavy by mali byť demokratické

Principiálne otázky a problémy, ktoré by sa mali rešpektovať a aplikovať v procese tvorby ústavných dokumentov Európskej únie. Základná charakteristika európskeho spoločenstva, v duchu filozofie štátu a práva a teórie ústavného práva. Hlavné a dlhodobé ciele spoločenstva štátov Európy.

Na minha lista:
Detalhes bibliográficos
Autor principal: Čič, Milan
Formato: Capítulo de Livro
Idioma:eslovaco
Assuntos:
Tags: Adicionar Tag
Sem tags, seja o primeiro a adicionar uma tag!

MARC

LEADER 00000naa$a2200000$$$4500
001 0018620
005 20231106081707.5
041 0 |a slo 
044 |a SK 
245 1 0 |a Princípy euroústavy by mali byť demokratické  |c Milan Čič 
520 |a Principiálne otázky a problémy, ktoré by sa mali rešpektovať a aplikovať v procese tvorby ústavných dokumentov Európskej únie. Základná charakteristika európskeho spoločenstva, v duchu filozofie štátu a práva a teórie ústavného práva. Hlavné a dlhodobé ciele spoločenstva štátov Európy. 
610 2 0 |a právo ústavné 
610 2 0 |a ústava 
610 2 0 |a Európska únia 
610 2 0 |a Európske spoločenstvá 
610 2 0 |a demokracia 
610 2 0 |a definície 
610 2 0 |a práva ľudské 
610 2 0 |a bezpečnosť európska 
100 1 |a Čič, Milan